| 000 | 01276nam a22003017a 4500 | ||
|---|---|---|---|
| 001 | 9667 | ||
| 003 | FISKH | ||
| 005 | 20260424135212.0 | ||
| 008 | 260128b cb ||||| |||| 00| 0 eng d | ||
| 020 | _a9780462001098 | ||
| 040 |
_aFISKH _beng _cFISKH _dFISKH |
||
| 050 | _aPZ7 | ||
| 082 | _a028.5 | ||
| 100 |
_aLing, Judy _eAuthor |
||
| 245 |
_aAmarjit's baby sister / _cWritten by Judy Ling ; illustrated by Kelvin Hawley |
||
| 260 |
_aSingapore : _bMarshall Cavendish International , _c2008 |
||
| 300 |
_a16 pages : _bcolor illustrations ; _c19 cm |
||
| 490 |
_aMy pals are here! : _v12e |
||
| 505 | _aJ | ||
| 520 | _aAmarjitâs Baby Sister is a simple fiction story for early readers that follows Amarjit, a young child excited about having a new baby sister. Through short sentences and illustrations, the book shows how Amarjit learns about helping at home, caring for the baby, and sharing feelings about the changes a new sibling brings. The text is designed to support early reading skills with familiar words and engaging visuals. | ||
| 521 | 8 |
_a500
_bLexile estimate |
|
| 521 | 8 |
_aJ
_bRaz-Plus |
|
| 650 |
_aEmotion _vFamily |
||
| 650 |
_aBaby sister _vSiblings |
||
| 700 |
_aHawley, Kelvin _eIllustrator |
||
| 942 |
_2ddc _cBK _n0 |
||
| 999 |
_c9667 _d9667 |
||